000 00364nam a22001337a 4500
008 181031b xxu||||| |||| 00| 0 eng d
020 _a156396421-X
041 _aeng
080 _a616.073
100 _a6
101 _aRAD
245 _aSpecification, Acceptance Testing and Quality Control of Diagnostic X-ray Imaging Equipment
_cSeibert,J.A
942 _2udc
_cBK
999 _c51295
_d51295